01157nam a2200289Ia 450000500170000000800410001702000180005810000230007624500680009925000230016730000640019049000450025452001550029958600650045465000410051965000400056065000250060070000280062594200150065326400500066833600270071833700330074533800280077804000350080608400110084199900150085220220316235956.0141031s2008 mx a g 000 1 spa  a97896816521261 aSanromán, Susana13aLa señora regañona cSusana Sanromán ; ilustrado por Domi aPrimera edición  a[19] páginas sin enumerar bilustraciones a colorc25 cm. aLos especiales de A la orilla del viento aUna niña teme a la noche, piensa que es una señora oscura y regañona. Hasta que en el sueño descubre que es una gran compañera de aventuras. aPremio a la orilla del viento 1996. Concurso libro ilustrado142LEMBaÁlbumes infantilesySiglo XX142LEMBaLiteratura infantilySiglo XX142LEMBaNochevÁlbum1 aDomieilustrador919156 2loccBKINF aMéxico bFondo de Cultura Económicac2008 atextobtxt2rdacontent asin mediaciónbn2rdamedia avolumenbnc2rdacarrier aCO-BoRNBPbspaerdacCO-BoRNBP aA SAN7 c2799d2799